MARC details
| 000 -CABECERA |
| campo de control de longitud fija |
01236nam a2200277 u 4500 |
| 005 - FECHA Y HORA DE LA ÚLTIMA TRANSACCIÓN |
| campo de control |
20240924064758.0 |
| 008 - ELEMENTOS DE LONGITUD FIJA--INFORMACIÓN GENERAL |
| campo de control de longitud fija |
190524s2010 mx r 000 0 spa d |
| 020 ## - NÚMERO INTERNACIONAL NORMALIZADO PARA LIBROS |
| Número Internacional Estándar del Libro |
9786077879732 (v.1) |
| 020 ## - NÚMERO INTERNACIONAL NORMALIZADO PARA LIBROS |
| Número Internacional Estándar del Libro |
9786077879763 (v.2) |
| 035 ## - NÚMERO DE CONTROL DEL SISTEMA |
| Número de control de sistema |
UPN01000230713 |
| 049 ## - COLECCIÓN |
| Colección |
LTG |
| 050 #4 - SIGNATURA TOPOGRÁFICA DE LA BIBLIOTECA DEL CONGRESO |
| Número de clasificación |
LB1140.25 M6 |
| Número de documento/Ítem |
O4.52 |
| 100 1# - ASIENTO PRINCIPAL--NOMBRE PERSONAL |
| Nombre de persona |
Olvera Rosas, Alicia Xóchitl |
| 9 (RLIN) |
42731 |
| 245 10 - MENCIÓN DE TÍTULO |
| Título |
Marco curricular de la educación inicial indígena : |
| Resto del título |
un campo de la diversidad / |
| Mención de responsabilidad, etc. |
Alicia Xóchitl Olvera Rosas, Teresa Lanata Moletto, Esther Castillo Arzate ; coord. Rosalinda Morales Garza. |
| 260 ## - PUBLICACIÓN, DISTRIBUCIÓN, ETC. |
| Lugar de publicación, distribución, etc. |
México : |
| Nombre del editor, distribuidor, etc. |
SEP, |
| Fecha de publicación, distribución, etc. |
2010. |
| 300 ## - DESCRIPCIÓN FÍSICA |
| Extensión |
v. : |
| Otras características físicas |
il. |
| 505 8# - NOTA DE CONTENIDO CON FORMATO PREESTABLECIDO |
| Nota de contenido con formato |
Contenido: |
| Información miscelánea |
v.1. |
| Título |
Fascículos I, II, III. Ambito normativo y antecedentes históricos ; Fundamentos y formas de atención ; Caracterización del servicio |
| Información miscelánea |
v.2. |
| Título |
Fascículo IV. Propósitos y ámbitos de acción |
| 650 #4 - ASIENTO SECUNDARIO DE MATERIA - TERMINO TEMATICO |
| Término de materia o nombre geográfico como elemento de entrada |
EDUCACION PREESCOLAR - |
| Subdivisión general |
FINES Y OBJETIVOS - |
| Subdivisión geográfica |
MEXICO |
| 9 (RLIN) |
18710 |
| 650 #4 - ASIENTO SECUNDARIO DE MATERIA - TERMINO TEMATICO |
| Término de materia o nombre geográfico como elemento de entrada |
Educación preescolar |
| Subdivisión geográfica |
México |
| 9 (RLIN) |
8933 |
| 650 #4 - ASIENTO SECUNDARIO DE MATERIA - TERMINO TEMATICO |
| Término de materia o nombre geográfico como elemento de entrada |
Indígenas de México |
| Subdivisión general |
Educación |
| 9 (RLIN) |
10 |
| 700 1# - ASIENTO SECUNDARIO--NOMBRE DE PERSONAL |
| Nombre de persona |
Lanata Moletto, Teresa, |
| Término indicativo de función/relación |
coaut. |
| 700 1# - ASIENTO SECUNDARIO--NOMBRE DE PERSONAL |
| Nombre de persona |
Castillo Arzate, Esther, |
| Término indicativo de función/relación |
coaut. |
| 700 1# - ASIENTO SECUNDARIO--NOMBRE DE PERSONAL |
| Nombre de persona |
Morales Garza, Rosalinda, |
| Término indicativo de función/relación |
coord. |
| 9 (RLIN) |
43281 |
| 905 ## - TIPO DE MATERIAL |
| Tipo de material |
Libro |